Faculty of Law Library — Cairo University

Official Online Catalog

الحماية القانونية للضحية فى القانون الكويتى / (Record no. 76875)

MARC details
000 -LEADER
fixed length control field 01261nam a2200301 i 4500
003 - CONTROL NUMBER IDENTIFIER
control field EG-GICUC
005 - DATE AND TIME OF LATEST TRANSACTION
control field 20260514105905.0
008 - FIXED-LENGTH DATA ELEMENTS--GENERAL INFORMATION
fixed length control field 260514s2004 ku ||||f ||| 00| 0 ara d
040 ## - CATALOGING SOURCE
Original cataloging agency EG-GICUC
Language of cataloging ara
Transcribing agency EG-GICUC
Modifying agency EG-GICUC
Description conventions rda
041 ## - LANGUAGE CODE
Language code of text/sound track or separate title ara
043 ## - GEOGRAPHIC AREA CODE
Geographic area code Ku
082 04 - DEWEY DECIMAL CLASSIFICATION NUMBER
Edition number 21
Classification number 343.31960538
Item number ا ب . ح
092 04 - LOCALLY ASSIGNED DEWEY CALL NUMBER (OCLC)
Edition number 21
Classification number 343.31960538
Item number ا ب . ح
099 ## - LOCAL FREE-TEXT CALL NUMBER (OCLC)
Classification number law1 B10 343.31960538 ا ب . ح 2004
100 0# - MAIN ENTRY--PERSONAL NAME
Personal name ابراهيم الدسوقي ابو الليل
Relator term مؤلف.
245 ## - TITLE STATEMENT
Title الحماية القانونية للضحية فى القانون الكويتى /
Statement of responsibility, etc. ابراهيم الدسوقي ابو الليل.
264 ## - PRODUCTION, PUBLICATION, DISTRIBUTION, MANUFACTURE, AND COPYRIGHT NOTICE
Place of production, publication, distribution, manufacture الكويت :
Name of producer, publisher, distributor, manufacturer مجلس النشر العلمى ،
Date of production, publication, distribution, manufacture, or copyright notice 2004.
300 ## - PHYSICAL DESCRIPTION
Extent 133 صفحة ؛
Dimensions 24 سم
336 ## - CONTENT TYPE
Source rda content
Content type term text
337 ## - MEDIA TYPE
Source rda media
Media type term Computer
338 ## - CARRIER TYPE
Source rda carrier
Carrier type term Online Resource
504 ## - BIBLIOGRAPHY, ETC. NOTE
Bibliography, etc. note مستلة من مجلة الحقوق / ملحق العدد الثانى - السنة الثامنة والعشرون - يونيو 2004
650 1# - SUBJECT ADDED ENTRY--TOPICAL TERM
Topical term or geographic name entry element حقوق المجنى عليه فى الإجراءات الجنائية .
Source of heading or term qrmak
Geographic subdivision الكويت
651 1# - SUBJECT ADDED ENTRY--GEOGRAPHIC NAME
Source of heading or term qrmak
856 40 - ELECTRONIC LOCATION AND ACCESS
Uniform Resource Identifier <a href="https://fll.law.cu.edu.eg/fulltext/bks/B10-06472.pdf">https://fll.law.cu.edu.eg/fulltext/bks/B10-06472.pdf</a>
905 ## - Cataloger and Reviser Names
Cataloger Name: Dalia
942 ## - ADDED ENTRY ELEMENTS (KOHA)
Source of classification or shelving scheme Dewey Decimal Classification
Koha item type Books
Edition 21
Suppress in OPAC No
Holdings
Withdrawn status Lost status Source of classification or shelving scheme Damaged status Not for loan Collection Home library Current library Date acquired Total checkouts Full call number Barcode Date last seen Copy number Price effective from Koha item type
    Dewey Decimal Classification     القانون الجنائي جــــامعة القــاهرة مكتبة كلية الحقوق - المبنى الرئيسي 14.05.2026   law1 B10 343.3196 ا ب . ح 2004 1006472 C1 B10-06472 14.05.2026 1 14.05.2026 Books

© All rights reserved — Faculty of Law, Cairo University